Microeconomics / (Record no. 3491)

000 -LEADER
fixed length control field 00922cam a22002774a 4500
001 - CONTROL NUMBER
control field 142743
003 - CONTROL NUMBER IDENTIFIER
control field OSt
005 - DATE AND TIME OF LATEST TRANSACTION
control field 20161011122925.0
008 - FIXED-LENGTH DATA ELEMENTS--GENERAL INFORMATION
fixed length control field 980629s2000 nju 000 0 eng
010 ## - LIBRARY OF CONGRESS CONTROL NUMBER
LC control number 00132719
020 ## - INTERNATIONAL STANDARD BOOK NUMBER
International Standard Book Number 9780273754602
040 ## - CATALOGING SOURCE
Original cataloging agency DLC
Transcribing agency DLC
Modifying agency DLC
042 ## - AUTHENTICATION CODE
Authentication code pcc
050 00 - LIBRARY OF CONGRESS CALL NUMBER
Classification number HB172.P47 2012
082 00 - DEWEY DECIMAL CLASSIFICATION NUMBER
Classification number 338.5
Edition number 21
100 ## - MAIN ENTRY--PERSONAL NAME
Personal name Perloff M. Jeffrey
245 00 - TITLE STATEMENT
Title Microeconomics /
Statement of responsibility, etc Jeffrey M. Perloff
260 ## - PUBLICATION, DISTRIBUTION, ETC. (IMPRINT)
Place of publication, distribution, etc Boston. :
Name of publisher, distributor, etc Pearson Education
Date of publication, distribution, etc c2012
300 ## - PHYSICAL DESCRIPTION
Extent ix, 720 p. :
Other physical details ill. ;
Dimensions 22 cm.
440 #0 - SERIES STATEMENT/ADDED ENTRY--TITLE
Title The Pearson series in Economics
650 #0 - SUBJECT ADDED ENTRY--TOPICAL TERM
Topical term or geographic name as entry element Microeconomics.
856 42 - ELECTRONIC LOCATION AND ACCESS
Materials specified Publisher description
Uniform Resource Identifier <a href="http://www.loc.gov/catdir/enhancements/fy0608/00132719-d.html">http://www.loc.gov/catdir/enhancements/fy0608/00132719-d.html</a>
906 ## - LOCAL DATA ELEMENT F, LDF (RLIN)
a 7
b cbc
c orignew
d 3
e opcn
f 19
g y-gencatlg
942 ## - ADDED ENTRY ELEMENTS (KOHA)
Source of classification or shelving scheme
Koha item type Book
Holdings
Withdrawn status Lost status Source of classification or shelving scheme Damaged status Not for loan Home library Current library Shelving location Date acquired Total Checkouts Full call number Barcode Date last seen Copy number Price effective from Koha item type
          Riara University Library Riara University Library General stack 11/10/2016   HB172.P47 2012 8515/16 11/10/2016 C.1 11/10/2016 Book

Riara University Library,
P.O. Box 49940-00100,
Nairobi, Kenya.